Les 100 prénoms masculins les plus donnés en 2006 - Statistiques

Statistiques générales
  • Ce quiz a été pris 692 fois
  • Le résultat moyen est 60 sur 100
Statistiques - réponses
# 1ère lettre Prénom % Correct
4 N Nathan
90%
26 Q Quentin
90%
7 T Théo
90%
13 L Léo
89%
2 L Lucas
89%
18 P Paul
89%
10 L Louis
88%
5 T Thomas
86%
24 J Jules
84%
6 H Hugo
83%
36 J Julien
83%
3 M Mathis
83%
1 E Enzo
82%
14 M Maxime
82%
16 A Antoine
81%
41 P Pierre
81%
8 T Tom
81%
30 R Romain
80%
60 K Kévin
79%
31 V Valentin
79%
15 A Alexandre
78%
33 N Noa
78%
20 A Alexis
76%
21 G Gabriel
76%
42 V Victor
75%
19 B Baptiste
74%
11 C Clément
72%
77 M Matthieu
71%
9 R Raphaël
70%
80 W William
70%
23 A Arthur
69%
25 E Ethan
69%
17 Y Yanis
69%
35 N Nicolas
68%
22 N Noah
68%
50 N Noé
68%
81 Y Yann
68%
12 M Mathéo
67%
48 M Mathieu
66%
96 J Jean
65%
40 K Kylian
65%
27 A Axel
64%
58 M Martin
64%
32 M Maxence
64%
64 B Bastien
63%
52 F Florian
63%
29 M Mattéo
63%
46 B Benjamin
62%
37 M Maël
62%
62 A Anthony
61%
47 S Samuel
61%
53 S Simon
61%
28 E Evan
59%
54 C Corentin
58%
92 D David
58%
72 K Killian
58%
51 N Nolan
58%
39 A Adrien
57%
99 D Damien
57%
65 D Dorian
57%
86 V Vincent
57%
44 D Dylan
56%
71 T Timéo
55%
66 G Gabin
54%
45 S Sacha
54%
97 C Charles
53%
59 M Mathias
53%
84 R Rémi
53%
56 T Tristan
53%
89 E Eliott
52%
76 G Guillaume
52%
43 M Mohamed
51%
55 E Estéban
50%
78 J Jérémy
48%
98 O Oscar
48%
63 R Robin
48%
75 T Thibault
48%
34 A Adam
47%
67 T Titouan
46%
69 M Matéo
45%
93 J Jordan
43%
87 M Marius
43%
49 M Mathys
43%
38 R Rayan
43%
74 A Antonin
42%
57 E Erwan
40%
88 A Aurélien
39%
85 L Loïc
39%
100 N Noam
36%
90 I Ilan
34%
61 L Lilian
34%
82 R Ryan
33%
95 B Bryan
30%
79 D Diego
28%
73 L Lenny
26%
68 L Lorenzo
25%
91 S Sofiane
24%
94 R Rafaël
23%
83 M Mehdi
19%
70 A Amine
16%
Aucun quiz correspondant
Distribution des résultats
% des personnes avec chaque résultat
Percentile par nombre de réponses
Votre historique - résultats
Vous n’avez pas pris ce quiz